00516nam a22001697a 450000500170000001000150001702000260003203500130005803700130007108200110008410000290009524500550012426000330017927000610021230000230027350000500029620150622164039.0 aENG-112996 a9789380752518c850.00 aEN-96528 bDBAD/PUB a342.54 aChaturvedi, Patanjali N. aIndian constitution / cby Patanjali N. Chaturvedi bKunal Booksc2011aNew Delhi b New Delhie110002a4596/1A, First Floor, 11, Daryaganj, avi,288p.c23cm(Hb) aIncludes bibliographical references and index